000 00546nam a2200229 a 4500
001 nice12345678
003 IN_TiNIC
005 20260116011416.0
008 080204s1870 teha grp 000 0 eng
020 _a
_c100
082 0 0 _a891.51
_bSAA6
100 _aSaad, Salman Masood Bin
245 _aDiwan-E-ameer
260 _aTehran
_bNo Publisher
_c1870
300 _anp
500 _aincludes index and biblioraphy
650 _aPersian Poetry
700 1 _aSaad, Salman Masood Bin
902 _bSRS
942 _cBK
999 _c1273
_d1273